00635nam a2200169Ia 4500003000900000005001700009008004100026040003100067040001300098041000800111245009800119250001100217260002200228300002100250490000600271520018800277IT-RoPAU20220918175622.0120407s9999 xx 000 0 und d aIT-RoPAUc20130227110806.0 cIT-RoPAU aita aCostituzioni e Direttorio della PSSP.btesto ad experimentum approvato dal Capitolo Generale  a1° ed aRomabPSSPc 1975 c17,5 cma152 pp. v1 aIndice Premessa I - La nostra identità€ nella chiesa di Cristo II - La formazione paolina III - La formazione paolina IV - Governo della congregazione Conclusione Indice analitico